[Event "NB2 Toth Laszlo csoport"]
[Site "Oroshaza"]
[Date "2024.11.17"]
[Round "2.6"]
[White "Kulcsar, Jozsef"]
[Black "Csala, Imre"]
[Result "0-1"]
[WhiteElo "1983"]
[BlackElo "1994"]
[PlyCount "114"]
[EventDate "2024.11.03"]
[EventType "team-tourn"]
[EventRounds "9"]
[EventCountry "HUN"]
[Source "chess.hu"]
[SourceDate "2024.11.17"]
[WhiteTeam "Oroshazi SE"]
[BlackTeam "Neumann J. Egyetem"]
[WhiteTeamCountry "HUN"]
[BlackTeamCountry "HUN"]

1. f4 d6 2. Nf3 Bg4 3. e3 e5 4. Be2 exf4 5. exf4 Nf6 6. O-O Be7 7. Nc3 O-O 8.
d3 Nc6 9. h3 Bxf3 10. Bxf3 d5 11. d4 Bb4 12. Qd3 Re8 13. Bd2 Qd6 14. Nb5 Qd7
15. a3 Bf8 16. Rae1 a6 17. Nc3 Qd6 18. Re5 Ne7 19. Rfe1 c6 20. Nd1 Nd7 21. R5e2
a5 22. Ne3 Nf6 23. Nf5 Nxf5 24. Rxe8 Rxe8 25. Rxe8 Nxe8 26. Qxf5 Qd8 27. g3 Nd6
28. Qd3 Qb6 29. Bc1 Nc4 30. Qb3 Qxd4+ 31. Kg2 b5 32. Qd3 Qf6 33. c3 a4 34. Qe2
Nd6 35. Be3 Qe6 36. Bd4 Nc4 37. Qc2 Bd6 38. Qf2 Qe7 39. Qc2 Qe3 40. Qf5 Qe6 41.
Qb1 g6 42. Qc1 h5 43. g4 hxg4 44. hxg4 Bf8 45. Qc2 Bg7 46. Bf2 Nd6 47. Qe2 Ne4
48. g5 Nd6 49. Be3 Nc4 50. Bc1 Kf8 51. Kg3 Ke7 52. Qf2 f5 53. gxf6+ Bxf6 54.
Bg2 Kf7 55. Bh3 Qe7 56. Qc2 Qe1+ 57. Kf3 Bh4 0-1

[Event "NB2 Toth Laszlo csoport"]
[Site "Oroshaza"]
[Date "2024.11.17"]
[Round "2.7"]
[White "Lovas, Daniel Dr"]
[Black "Berta, Gergely"]
[Result "0-1"]
[WhiteElo "2024"]
[BlackElo "1983"]
[PlyCount "128"]
[EventDate "2024.11.03"]
[EventType "team-tourn"]
[EventRounds "9"]
[EventCountry "HUN"]
[Source "chess.hu"]
[SourceDate "2024.11.17"]
[WhiteTeam "Neumann J. Egyetem"]
[BlackTeam "Oroshazi SE"]
[WhiteTeamCountry "HUN"]
[BlackTeamCountry "HUN"]

1. c4 Nf6 2. Nf3 b6 3. g3 Bb7 4. Bg2 d6 5. O-O e6 6. Nc3 Nbd7 7. d3 Be7 8. a3
O-O 9. b4 Ne8 10. Bb2 Bf6 11. Qd2 g6 12. Rac1 Qe7 13. Nd1 c5 14. Bc3 d5 15.
cxd5 exd5 16. Bxf6 Nexf6 17. Re1 Rac8 18. Nb2 Rfe8 19. Bf1 Ng4 20. Qf4 Nge5 21.
Nxe5 Qxe5 22. Qd2 d4 23. bxc5 Qd5 24. f3 b5 25. Bh3 f5 26. Bg2 Rxc5 27. Rxc5
Qxc5 28. Qb4 Qd5 29. a4 a6 30. axb5 axb5 31. Qd2 Ne5 32. h3 Nd7 33. Kh2 Qd6 34.
Nd1 Nf6 35. e4 fxe4 36. fxe4 Nh5 37. Qg5 h6 38. Qh4 Re5 39. Bf3 Rg5 40. Bxh5
Rxh5 41. Qf4 Qxf4 42. gxf4 Rc5 43. Kg3 b4 44. Re2 Rc1 45. Nf2 b3 46. Rb2 Rc3
47. Kf3 Ba6 48. Ke2 Kf7 49. Rd2 Bc8 50. Rb2 Be6 51. Kd2 h5 52. Ke2 Ke7 53. Kd2
Kd6 54. f5 gxf5 55. Nd1 Rc5 56. Nf2 Kc6 57. exf5 Rxf5 58. Ke2 Kb5 59. Ne4 Kb4
60. Rb1 Ra5 61. h4 Ra2+ 62. Kf3 Rh2 63. Kf4 b2 64. Ng3 Rc2 0-1

[Event "NB2 Toth Laszlo csoport"]
[Site "Oroshaza"]
[Date "2024.11.17"]
[Round "2.8"]
[White "Bogdany, Gabor"]
[Black "Szili, Istvan"]
[Result "1-0"]
[WhiteElo "1938"]
[BlackElo "1974"]
[PlyCount "107"]
[EventDate "2024.11.03"]
[EventType "team-tourn"]
[EventRounds "9"]
[EventCountry "HUN"]
[Source "chess.hu"]
[SourceDate "2024.11.17"]
[WhiteTeam "Oroshazi SE"]
[BlackTeam "Neumann J. Egyetem"]
[WhiteTeamCountry "HUN"]
[BlackTeamCountry "HUN"]

1. e4 e6 2. d3 d5 3. Nd2 Nf6 4. Ngf3 Be7 5. g3 b6 6. Bg2 Bb7 7. O-O dxe4 8. Ng5
Nbd7 9. Ngxe4 Rb8 10. Qe2 O-O 11. Rd1 c5 12. Nf1 Nxe4 13. dxe4 Qc7 14. Bf4 e5
15. Bd2 Nf6 16. Bg5 Rfd8 17. Bxf6 Bxf6 18. Ne3 Qc6 19. h4 g6 20. Rxd8+ Rxd8 21.
Rd1 Rxd1+ 22. Qxd1 Be7 23. Qd2 Qd6 24. Qxd6 Bxd6 25. f3 f6 26. Kf2 b5 27. Bh3
Kf7 28. Bd7 a6 29. a4 Ke7 30. Bh3 bxa4 31. Ke2 a5 32. Kd3 Ba6+ 33. Nc4 Bc7 34.
Kc3 h5 35. Bf1 g5 36. Ne3 Bxf1 37. Nxf1 c4 38. Ne3 Ke6 39. Kxc4 Bb6 40. Nf5
gxh4 41. gxh4 Bf2 42. Kb5 Be1 43. c4 Kd7 44. Kb6 Bb4 45. c5 a3 46. bxa3 Bxa3
47. c6+ Kc8 48. Kxa5 Kc7 49. Kb5 Bc1 50. Ng3 Be3 51. Nxh5 Bf2 52. Nxf6 Bxh4 53.
Nd5+ Kc8 54. Kc5 1-0

[Event "NB2 Toth Laszlo csoport"]
[Site "Oroshaza"]
[Date "2024.11.17"]
[Round "2.9"]
[White "Bagi, Lajos"]
[Black "Czombos, Oliver"]
[Result "1/2-1/2"]
[WhiteElo "1835"]
[BlackElo "1814"]
[PlyCount "87"]
[EventDate "2024.11.03"]
[EventType "team-tourn"]
[EventRounds "9"]
[EventCountry "HUN"]
[Source "chess.hu"]
[SourceDate "2024.11.17"]
[WhiteTeam "Neumann J. Egyetem"]
[BlackTeam "Oroshazi SE"]
[WhiteTeamCountry "HUN"]
[BlackTeamCountry "HUN"]

1. Nf3 d5 2. g3 Nf6 3. Bg2 e6 4. d4 c5 5. c4 Nc6 6. cxd5 Nxd5 7. O-O Be7 8. Nc3
Nxc3 9. bxc3 O-O 10. Be3 cxd4 11. cxd4 Bf6 12. Rb1 Qd7 13. Qa4 Rd8 14. Qc4 h6
15. Rfd1 a6 16. Rbc1 Ne7 17. Bf4 Ng6 18. Bc7 Re8 19. Ne5 Bxe5 20. dxe5 Qb5 21.
a4 Qxc4 22. Rxc4 Ne7 23. Rc5 Nd5 24. e4 Nxc7 25. Rxc7 Rb8 26. Rdc1 b5 27. axb5
axb5 28. Bf3 b4 29. Bd1 Bb7 30. f3 Rec8 31. Kf2 Rxc7 32. Rxc7 b3 33. Bxb3 Bxe4
34. Bxe6 fxe6 35. fxe4 Rb5 36. Kf3 Rxe5 37. Kf4 Rb5 38. h4 Kf8 39. g4 g5+ 40.
hxg5 hxg5+ 41. Ke3 Rb3+ 42. Kd4 Rg3 43. Ke5 Rxg4 44. Kf6 1/2-1/2

[Event "NB2 Toth Laszlo csoport"]
[Site "Oroshaza"]
[Date "2024.11.17"]
[Round "2.10"]
[White "Safran, Istvan"]
[Black "Egyed, Endre"]
[Result "1-0"]
[WhiteElo "1862"]
[BlackElo "1731"]
[PlyCount "119"]
[EventDate "2024.11.03"]
[EventType "team-tourn"]
[EventRounds "9"]
[EventCountry "HUN"]
[Source "chess.hu"]
[SourceDate "2024.11.17"]
[WhiteTeam "Oroshazi SE"]
[BlackTeam "Neumann J. Egyetem"]
[WhiteTeamCountry "HUN"]
[BlackTeamCountry "HUN"]

1. e4 c5 2. Nf3 d6 3. d4 cxd4 4. Nxd4 Nf6 5. Nc3 a6 6. a3 e5 7. Nb3 Be7 8. Bc4
O-O 9. O-O Be6 10. Bd5 Qc7 11. Be3 Nbd7 12. Qd2 Rac8 13. h3 Nb6 14. Bxb6 Qxb6
15. Rae1 Nh5 16. Qe3 Qc7 17. Rc1 h6 18. Rcd1 Nf4 19. Rfe1 b5 20. Kh2 Bg5 21.
Qf3 Qb6 22. h4 Bf6 23. g3 Ng6 24. Qe3 Qc7 25. Rh1 Ne7 26. Rd2 Nxd5 27. Nxd5
Bxd5 28. exd5 Be7 29. Qe4 a5 30. c3 Bd8 31. Rc2 f5 32. Qe2 Qc4 33. Qxc4 Rxc4
34. Nc1 Bb6 35. Rd1 f4 36. Kg2 fxg3 37. fxg3 Rfc8 38. Nb3 Kf7 39. Nd2 R4c7 40.
Ne4 Ke7 41. Re2 a4 42. Rf1 Rc4 43. Rf3 Bc5 44. Kh3 h5 45. g4 hxg4+ 46. Kxg4 Rf8
47. Rxf8 Kxf8 48. Kf5 Kf7 49. h5 Ke7 50. Rg2 Kf8 51. Rg3 Rxe4 52. Kxe4 Kf7 53.
Rg6 Kf8 54. Kf5 Kf7 55. Re6 Be3 56. Rxd6 Bc1 57. Rb6 Bxb2 58. Rxb5 Bxc3 59.
Rb7+ Kf8 60. Ra7 1-0

[Event "NB2 Toth Laszlo csoport"]
[Site "Oroshaza"]
[Date "2024.11.17"]
[Round "2.11"]
[White "Gajdos, Mark"]
[Black "Vaczi, Sandor"]
[Result "1-0"]
[WhiteElo "1727"]
[BlackElo "1843"]
[PlyCount "25"]
[EventDate "2024.11.03"]
[EventType "team-tourn"]
[EventRounds "9"]
[EventCountry "HUN"]
[Source "chess.hu"]
[SourceDate "2024.11.17"]
[WhiteTeam "Neumann J. Egyetem"]
[BlackTeam "Oroshazi SE"]
[WhiteTeamCountry "HUN"]
[BlackTeamCountry "HUN"]

1. e4 d6 2. d4 Nf6 3. Bd3 c6 4. c3 g6 5. Bf4 Bg7 6. Qd2 O-O 7. Bh6 Nbd7 8. Bxg7
Kxg7 9. Ne2 e5 10. h4 Qe7 11. Ng3 h5 12. Qg5 Ng8 13. Nf5+ 1-0

[Event "NB2 Toth Laszlo csoport"]
[Site "Oroshaza"]
[Date "2024.11.17"]
[Round "2.12"]
[White "Szonyi, Peter"]
[Black "Csikai, Zsofia"]
[Result "0-1"]
[WhiteElo "1503"]
[BlackElo "1615"]
[PlyCount "44"]
[EventDate "2024.11.03"]
[EventType "team-tourn"]
[EventRounds "9"]
[EventCountry "HUN"]
[Source "chess.hu"]
[SourceDate "2024.11.17"]
[WhiteTeam "Oroshazi SE"]
[BlackTeam "Neumann J. Egyetem"]
[WhiteTeamCountry "HUN"]
[BlackTeamCountry "HUN"]

1. e4 e6 2. d4 d5 3. e5 c5 4. c3 Nc6 5. Nf3 Qb6 6. Be2 Nh6 7. Na3 Bd7 8. Nc2
cxd4 9. cxd4 Nf5 10. O-O Rc8 11. g4 Nfe7 12. Qd2 h5 13. gxh5 Nf5 14. Qf4 Nxe5
15. Nxe5 Rxc2 16. Nxd7 Kxd7 17. Bd3 Rc8 18. Bxf5 exf5 19. Bd2 Rxh5 20. Qf3 Qg6+
21. Kh1 Rxh2+ 22. Kxh2 Bd6+ 0-1

[Event "NB2 Toth Laszlo csoport"]
[Site "Morahalom"]
[Date "2024.11.17"]
[Round "2.1"]
[White "Udvardi, Zalan"]
[Black "Nadj Hedjesi, Balind"]
[Result "0-1"]
[WhiteElo "2254"]
[BlackElo "2218"]
[PlyCount "78"]
[EventDate "2024.11.03"]
[EventType "team-tourn"]
[EventRounds "9"]
[EventCountry "HUN"]
[Source "chess.hu"]
[SourceDate "2024.11.17"]
[WhiteTeam "Felegyhaza-Csongrad"]
[BlackTeam "Morahalom"]
[WhiteTeamCountry "HUN"]
[BlackTeamCountry "HUN"]

1. e4 c5 2. Nc3 Nc6 3. g3 g6 4. Bg2 Bg7 5. d3 Nf6 6. f4 d6 7. Nf3 Bg4 8. h3
Bxf3 9. Qxf3 O-O 10. O-O Rb8 11. Qf2 Qd7 12. g4 b5 13. f5 b4 14. Nd1 a5 15. Ne3
Ne8 16. g5 a4 17. Ng4 Ne5 18. Qh4 Nxg4 19. hxg4 Bd4+ 20. Kh1 a3 21. Rb1 axb2
22. Bxb2 Bxb2 23. Rxb2 f6 24. Rf3 Rf7 25. fxg6 Rg7 26. Rh3 fxg5 27. Qxg5 Rxg6
28. Qh4 e6 29. c4 Qg7 30. Bf3 Nf6 31. g5 Rxg5 32. e5 dxe5 33. Rg2 Rxg2 34. Bxg2
Kh8 35. Rg3 Qf7 36. Rg5 Nd7 37. Be4 Rg8 38. Rh5 Nf8 39. Kh2 Ng6 0-1

[Event "NB2 Toth Laszlo csoport"]
[Site "Morahalom"]
[Date "2024.11.17"]
[Round "2.2"]
[White "Tancik, Kristijan"]
[Black "Pacal, Mihaly"]
[Result "1/2-1/2"]
[WhiteElo "2208"]
[BlackElo "2098"]
[PlyCount "48"]
[EventDate "2024.11.03"]
[EventType "team-tourn"]
[EventRounds "9"]
[EventCountry "HUN"]
[Source "chess.hu"]
[SourceDate "2024.11.17"]
[WhiteTeam "Morahalom"]
[BlackTeam "Felegyhaza-Csongrad"]
[WhiteTeamCountry "HUN"]
[BlackTeamCountry "HUN"]

1. e4 d5 2. exd5 Qxd5 3. Nf3 Bg4 4. Nc3 Qh5 5. Be2 Nc6 6. d4 O-O-O 7. d5 e6 8.
Ng5 Nf6 9. Bxg4 Nxg4 10. Nxf7 Bc5 11. Nxd8 Bxf2+ 12. Kf1 Rxd8 13. h3 Nce5 14.
hxg4 Qxh1+ 15. Kxf2 Rf8+ 16. Kg3 Rf1 17. Qe2 h5 18. gxh5 Rf5 19. Bf4 Qxa1 20.
Bxe5 Qc1 21. Kh2 Qg5 22. Bg3 Qxh5+ 23. Qxh5 Rxh5+ 24. Kg1 exd5 1/2-1/2

[Event "NB2 Toth Laszlo csoport"]
[Site "Morahalom"]
[Date "2024.11.17"]
[Round "2.3"]
[White "Kemeny, Csaba"]
[Black "Sirotanovic, Obrad"]
[Result "1/2-1/2"]
[WhiteElo "2077"]
[BlackElo "2166"]
[PlyCount "115"]
[EventDate "2024.11.03"]
[EventType "team-tourn"]
[EventRounds "9"]
[EventCountry "HUN"]
[Source "chess.hu"]
[SourceDate "2024.11.17"]
[WhiteTeam "Felegyhaza-Csongrad"]
[BlackTeam "Morahalom"]
[WhiteTeamCountry "HUN"]
[BlackTeamCountry "HUN"]

1. d4 Nf6 2. f4 b6 3. e3 Bb7 4. Nf3 g6 5. Bd3 Bg7 6. O-O O-O 7. c3 d5 8. Nbd2
e6 9. Ne5 c5 10. Qf3 Nc6 11. Rf2 Qc7 12. g4 c4 13. Bc2 b5 14. e4 Nxe5 15. fxe5
Nxe4 16. Nxe4 dxe4 17. Bxe4 Bxe4 18. Qxe4 Qd7 19. Bg5 Qd5 20. Qe3 Rab8 21. Raf1
Rb7 22. Rf3 b4 23. cxb4 Rd7 24. Rf4 Rb8 25. Qh3 Rxb4 26. R1f2 c3 27. bxc3 Rb1+
28. Rf1 Qxa2 29. Rxb1 Qxb1+ 30. Rf1 Qe4 31. Qg2 Qxg2+ 32. Kxg2 h6 33. Be3 Rc7
34. Bd2 Rb7 35. Kf3 Rb2 36. Ke2 h5 37. gxh5 Bh6 38. Rd1 gxh5 39. Kd3 Bxd2 40.
Rxd2 Rxd2+ 41. Kxd2 f6 42. exf6 Kf7 43. c4 Kxf6 44. c5 Ke7 45. Kc3 Kd7 46. Kb4
Kc6 47. h4 a6 48. Ka5 e5 49. dxe5 Kxc5 50. Kxa6 Kd5 51. Kb5 Kxe5 52. Kc5 Kf4
53. Kd4 Kg4 54. Ke4 Kxh4 55. Kf4 Kh3 56. Kf3 Kh2 57. Kf2 h4 58. Kf1 1/2-1/2

[Event "NB2 Toth Laszlo csoport"]
[Site "Morahalom"]
[Date "2024.11.17"]
[Round "2.4"]
[White "Skenderovic, Nikola"]
[Black "Vilagos, Nandor"]
[Result "1-0"]
[WhiteElo "2183"]
[BlackElo "2039"]
[PlyCount "33"]
[EventDate "2024.11.03"]
[EventType "team-tourn"]
[EventRounds "9"]
[EventCountry "HUN"]
[Source "chess.hu"]
[SourceDate "2024.11.17"]
[WhiteTeam "Morahalom"]
[BlackTeam "Felegyhaza-Csongrad"]
[WhiteTeamCountry "HUN"]
[BlackTeamCountry "HUN"]

1. e4 c5 2. d4 cxd4 3. c3 d3 4. Bxd3 d6 5. c4 g6 6. Nc3 Bg7 7. Nge2 Nf6 8. h3
Nc6 9. Be3 Qc7 10. O-O O-O 11. Rc1 b6 12. b3 Bb7 13. f4 e6 14. Qd2 Rad8 15. Bb1
Ne8 16. f5 e5 17. Nd5 1-0

[Event "NB2 Toth Laszlo csoport"]
[Site "Morahalom"]
[Date "2024.11.17"]
[Round "2.5"]
[White "Varadi, Laszlo"]
[Black "Solymosi, Andras"]
[Result "1/2-1/2"]
[WhiteElo "1970"]
[BlackElo "2179"]
[PlyCount "82"]
[EventDate "2024.11.03"]
[EventType "team-tourn"]
[EventRounds "9"]
[EventCountry "HUN"]
[Source "chess.hu"]
[SourceDate "2024.11.17"]
[WhiteTeam "Felegyhaza-Csongrad"]
[BlackTeam "Morahalom"]
[WhiteTeamCountry "HUN"]
[BlackTeamCountry "HUN"]

1. e4 c6 2. d4 d5 3. exd5 cxd5 4. Bd3 Nc6 5. c3 Qc7 6. Ne2 e6 7. Bf4 Bd6 8.
Bxd6 Qxd6 9. O-O Nge7 10. Nd2 O-O 11. Ng3 Rb8 12. a4 a6 13. Nf3 f6 14. Re1 e5
15. dxe5 fxe5 16. c4 d4 17. Qe2 Qf6 18. Nh5 Qd6 19. Nxe5 Nxe5 20. Qxe5 Qxe5 21.
Rxe5 Nc6 22. Rg5 g6 23. h4 Be6 24. Re1 Bf7 25. Nf6+ Kg7 26. Nd7 Rfe8 27. Rxe8
Rxe8 28. h5 Nb4 29. hxg6 hxg6 30. Rg3 Re1+ 31. Kh2 Rd1 32. Ne5 Nxd3 33. Rxd3
Rxd3 34. Nxd3 Bxc4 35. Ne5 Be2 36. Kg3 g5 37. Nf3 d3 38. Nd2 Kf6 39. f4 b6 40.
fxg5+ Kxg5 41. Kf2 Kf4 1/2-1/2

[Event "NB2 Toth Laszlo csoport"]
[Site "Morahalom"]
[Date "2024.11.17"]
[Round "2.6"]
[White "Rankov, Boris"]
[Black "Nagy, Jozsef"]
[Result "0-1"]
[WhiteElo "2070"]
[BlackElo "1890"]
[PlyCount "102"]
[EventDate "2024.11.03"]
[EventType "team-tourn"]
[EventRounds "9"]
[EventCountry "HUN"]
[Source "chess.hu"]
[SourceDate "2024.11.17"]
[WhiteTeam "Morahalom"]
[BlackTeam "Felegyhaza-Csongrad"]
[WhiteTeamCountry "HUN"]
[BlackTeamCountry "HUN"]

1. e4 c6 2. d4 d5 3. exd5 cxd5 4. Bd3 Nf6 5. Nf3 Bg4 6. O-O Nbd7 7. Re1 e6 8.
c4 Be7 9. h3 Bh5 10. Bf4 Bg6 11. Bxg6 hxg6 12. Nbd2 dxc4 13. Nxc4 Nb6 14. Nce5
O-O 15. Rc1 Rc8 16. Rxc8 Nxc8 17. Qb3 Qd5 18. Qxd5 Nxd5 19. Be3 Ncb6 20. Rc1
Rc8 21. Rxc8+ Nxc8 22. Nd2 Nd6 23. g4 g5 24. Ndc4 f6 25. Nxd6 Bxd6 26. Nc4 Bc7
27. Kf1 b5 28. Nd2 Kf7 29. Ke2 Ke7 30. Ne4 a5 31. a3 Bb6 32. Kd3 Bc7 33. b3 Kd7
34. Bd2 Nf4+ 35. Bxf4 gxf4 36. g5 fxg5 37. Nxg5 Bd8 38. h4 a4 39. b4 Be7 40.
Ke4 Bxb4 41. d5 exd5+ 42. Kxd5 Bxa3 43. Ne4 Be7 44. Nc3 a3 45. Na2 Bxh4 46. f3
Be7 47. Ke4 g5 48. Kd3 Ke6 49. Nc3 b4 50. Nb5 Bf6 51. Nc7+ Kf7 0-1

[Event "NB2 Toth Laszlo csoport"]
[Site "Morahalom"]
[Date "2024.11.17"]
[Round "2.7"]
[White "Hideg, Istvan Benjamin"]
[Black "Balla, Tibor"]
[Result "1-0"]
[WhiteElo "1887"]
[BlackElo "2012"]
[PlyCount "55"]
[EventDate "2024.11.03"]
[EventType "team-tourn"]
[EventRounds "9"]
[EventCountry "HUN"]
[Source "chess.hu"]
[SourceDate "2024.11.17"]
[WhiteTeam "Felegyhaza-Csongrad"]
[BlackTeam "Morahalom"]
[WhiteTeamCountry "HUN"]
[BlackTeamCountry "HUN"]

1. e4 e5 2. Nf3 d6 3. d4 exd4 4. Nxd4 Nf6 5. Nc3 a6 6. a4 Be7 7. Bc4 O-O 8. O-O
c6 9. Bb3 a5 10. Bf4 Na6 11. Qd2 Nc5 12. Rfe1 Nxb3 13. Nxb3 d5 14. exd5 cxd5
15. Nb5 Ne4 16. Qe3 Bg5 17. Bxg5 Nxg5 18. Qe7 Ne6 19. Qxd8 Rxd8 20. N3d4 g6 21.
c3 Ra6 22. Re5 Kf8 23. Rae1 Nc5 24. Nc7 Rad6 25. Re8+ Kg7 26. R1e7 Kf6 27. Ndb5
Bd7 28. Rxf7+ 1-0

[Event "NB2 Toth Laszlo csoport"]
[Site "Morahalom"]
[Date "2024.11.17"]
[Round "2.8"]
[White "Varga, Gabor"]
[Black "Hideg, Ferenc Bendeguz"]
[Result "1-0"]
[WhiteElo "1974"]
[BlackElo "1874"]
[PlyCount "55"]
[EventDate "2024.11.03"]
[EventType "team-tourn"]
[EventRounds "9"]
[EventCountry "HUN"]
[Source "chess.hu"]
[SourceDate "2024.11.17"]
[WhiteTeam "Morahalom"]
[BlackTeam "Felegyhaza-Csongrad"]
[WhiteTeamCountry "HUN"]
[BlackTeamCountry "HUN"]

1. e4 e6 2. d4 d5 3. e5 c5 4. c3 Nc6 5. Nf3 Qb6 6. Be2 cxd4 7. cxd4 Nge7 8. Na3
Nf5 9. Nc2 Nb4 10. Ne3 Nxe3 11. Bxe3 Nc6 12. Qc2 Bb4+ 13. Kf1 Bd7 14. g3 Rc8
15. Qd3 O-O 16. Ng5 g6 17. a3 Be7 18. h4 Bxg5 19. hxg5 Na5 20. b4 Nc4 21. Kg2
Bb5 22. Qd1 Nb2 23. Qf1 Bxe2 24. Qxe2 Na4 25. Qf3 f5 26. gxf6 Rc3 27. Qg4 Rf7
28. Rxh7 1-0

[Event "NB2 Toth Laszlo csoport"]
[Site "Morahalom"]
[Date "2024.11.17"]
[Round "2.9"]
[White "Tallo, Laszlo"]
[Black "Markovic, Milos"]
[Result "1-0"]
[WhiteElo "1736"]
[BlackElo "1922"]
[PlyCount "47"]
[EventDate "2024.11.03"]
[EventType "team-tourn"]
[EventRounds "9"]
[EventCountry "HUN"]
[Source "chess.hu"]
[SourceDate "2024.11.17"]
[WhiteTeam "Felegyhaza-Csongrad"]
[BlackTeam "Morahalom"]
[WhiteTeamCountry "HUN"]
[BlackTeamCountry "HUN"]

1. e4 c5 2. Nf3 e6 3. d4 cxd4 4. Nxd4 Nf6 5. Bd3 Nc6 6. Nxc6 bxc6 7. O-O d5 8.
exd5 cxd5 9. Bb5+ Bd7 10. Bxd7+ Qxd7 11. Nc3 Bd6 12. Bg5 Rb8 13. Bxf6 gxf6 14.
Rb1 Rg8 15. g3 Be5 16. Qd3 Rg6 17. f4 Bd6 18. f5 Bc5+ 19. Kg2 Rh6 20. Qe3 Rh5
21. fxe6 fxe6 22. Rxf6 Qe7 23. Rbf1 Rb7 24. Qe2 1-0

[Event "NB2 Toth Laszlo csoport"]
[Site "Morahalom"]
[Date "2024.11.17"]
[Round "2.10"]
[White "Farkas, Sandor"]
[Black "Huszar, Adam Janos"]
[Result "0-1"]
[WhiteElo "1919"]
[BlackElo "1820"]
[PlyCount "86"]
[EventDate "2024.11.03"]
[EventType "team-tourn"]
[EventRounds "9"]
[EventCountry "HUN"]
[Source "chess.hu"]
[SourceDate "2024.11.17"]
[WhiteTeam "Morahalom"]
[BlackTeam "Felegyhaza-Csongrad"]
[WhiteTeamCountry "HUN"]
[BlackTeamCountry "HUN"]

1. Nf3 d5 2. g3 Nf6 3. Bg2 c5 4. d3 Nc6 5. O-O e5 6. Nbd2 Bd6 7. e4 d4 8. a4 h6
9. Re1 Be6 10. Nc4 Bc7 11. b3 a6 12. h3 Rb8 13. Nh2 Qd7 14. g4 b5 15. Nd2 Nb4
16. Ba3 bxa4 17. Nc4 Bxc4 18. bxc4 a5 19. Qd2 Nh7 20. Red1 Na6 21. Nf1 Ng5 22.
Ng3 g6 23. Bc1 Ne6 24. Qe1 Nb4 25. Qe2 Nf4 26. Qd2 O-O 27. Bf1 Bd8 28. f3 Bg5
29. Qh2 Bh4 30. Rd2 Na6 31. Ba3 Rb7 32. Ne2 Bg5 33. Rdd1 Nb4 34. Nxf4 Bxf4 35.
Qg2 Rfb8 36. Qe2 Kg7 37. Rdb1 Be3+ 38. Kg2 Qc6 39. Kh1 Qf6 40. Bb2 Qc6 41. Bg2
Na6 42. Ra2 Nc7 43. Qe1 a3 0-1

[Event "NB2 Toth Laszlo csoport"]
[Site "Morahalom"]
[Date "2024.11.17"]
[Round "2.11"]
[White "Szantai, Andras"]
[Black "Kantor, Robert Jr"]
[Result "0-1"]
[WhiteElo "1707"]
[BlackElo "1653"]
[PlyCount "76"]
[EventDate "2024.11.03"]
[EventType "team-tourn"]
[EventRounds "9"]
[EventCountry "HUN"]
[Source "chess.hu"]
[SourceDate "2024.11.17"]
[WhiteTeam "Felegyhaza-Csongrad"]
[BlackTeam "Morahalom"]
[WhiteTeamCountry "HUN"]
[BlackTeamCountry "HUN"]

1. c4 Nf6 2. Nc3 c6 3. d4 d5 4. cxd5 cxd5 5. Bf4 a6 6. Nf3 Nc6 7. e3 Qb6 8. Qb3
Qxb3 9. axb3 Nb4 10. Kd2 Bd7 11. Bb5 Bxb5 12. Nxb5 Rc8 13. Nc7+ Kd8 14. Rhc1
Nc6 15. Ne5 Nxe5 16. Bxe5 Ne4+ 17. Ke2 e6 18. f3 Nd6 19. Nxa6 Rxc1 20. Rxc1
bxa6 21. Rc6 Kd7 22. Rxa6 Nc8 23. g3 f6 24. Bb8 Bd6 25. Bxd6 Nxd6 26. Ra7+ Kc6
27. Rxg7 h5 28. Re7 Rf8 29. Rxe6 Kd7 30. Rxd6+ Kxd6 31. Kd3 Rb8 32. Kc3 Kc6 33.
h3 f5 34. g4 fxg4 35. fxg4 hxg4 36. hxg4 Rg8 37. b4 Rxg4 38. b3 Re4 0-1

[Event "NB2 Toth Laszlo csoport"]
[Site "Morahalom"]
[Date "2024.11.17"]
[Round "2.12"]
[White "Csikos, Adam"]
[Black "Csak, Zoltan Barnabas"]
[Result "1-0"]
[WhiteElo "1606"]
[BlackElo "1798"]
[PlyCount "77"]
[EventDate "2024.11.03"]
[EventType "team-tourn"]
[EventRounds "9"]
[EventCountry "HUN"]
[Source "chess.hu"]
[SourceDate "2024.11.17"]
[WhiteTeam "Morahalom"]
[BlackTeam "Felegyhaza-Csongrad"]
[WhiteTeamCountry "HUN"]
[BlackTeamCountry "HUN"]

1. Nf3 d5 2. c4 e6 3. e3 Nf6 4. b3 b6 5. Ne5 d4 6. Qf3 c6 7. Nxc6 Nxc6 8. Qxc6+
Bd7 9. Qf3 dxe3 10. fxe3 Rc8 11. Bb2 Bc6 12. Bxf6 gxf6 13. Qg3 f5 14. Nc3 Qf6
15. Be2 Bb4 16. Rc1 Ke7 17. Bf3 Rhg8 18. Qf2 Bd7 19. a4 Rg7 20. Rg1 Bd6 21. g3
Rcg8 22. Ke2 Ba3 23. Rc2 f4 24. Ne4 Qf5 25. Ra2 fxe3 26. Qxe3 Bb4 27. d4 Qh3
28. Kd1 h5 29. c5 h4 30. Qf4 f5 31. Qd6+ Kd8 32. Qb8+ Ke7 33. Qd6+ Kd8 34. Qb8+
Ke7 35. Qd6+ Kd8 36. Nf6 hxg3 37. hxg3 f4 38. Nxg8 fxg3 39. Qf8+ 1-0

[Event "NB2 Toth Laszlo csoport"]
[Site "Gyula"]
[Date "2024.11.17"]
[Round "2.1"]
[White "Farkas, Tibor"]
[Black "Fekete, Albert"]
[Result "1/2-1/2"]
[WhiteElo "2220"]
[BlackElo "2076"]
[PlyCount "35"]
[EventDate "2024.11.03"]
[EventType "team-tourn"]
[EventRounds "9"]
[EventCountry "HUN"]
[Source "chess.hu"]
[SourceDate "2024.11.17"]
[WhiteTeam "Duocor-Makoi SVSE II"]
[BlackTeam "Gyulai SE"]
[WhiteTeamCountry "HUN"]
[BlackTeamCountry "HUN"]

1. e4 Nf6 2. e5 Nd5 3. d4 d6 4. c4 Nb6 5. exd6 cxd6 6. Nc3 Bf5 7. Be3 e6 8. Nf3
Be7 9. Rc1 O-O 10. b3 Bg4 11. Be2 d5 12. h3 Bxf3 13. Bxf3 Nc6 14. cxd5 Nxd5 15.
Nxd5 exd5 16. O-O Rc8 17. Qd2 Qd7 18. Rfd1 1/2-1/2

[Event "NB2 Toth Laszlo csoport"]
[Site "Gyula"]
[Date "2024.11.17"]
[Round "2.2"]
[White "Oltean, Cristian-Daniel"]
[Black "Kecskemeti, Arpad"]
[Result "1-0"]
[WhiteElo "2064"]
[BlackElo "2218"]
[PlyCount "85"]
[EventDate "2024.11.03"]
[EventType "team-tourn"]
[EventRounds "9"]
[EventCountry "HUN"]
[Source "chess.hu"]
[SourceDate "2024.11.17"]
[WhiteTeam "Gyulai SE"]
[BlackTeam "Duocor-Makoi SVSE II"]
[WhiteTeamCountry "HUN"]
[BlackTeamCountry "HUN"]

1. e4 c5 2. Nf3 d6 3. d4 cxd4 4. Nxd4 Nf6 5. Nc3 a6 6. h3 e5 7. Nde2 Be6 8. g4
h5 9. g5 Nfd7 10. Bg2 h4 11. Nd5 Nb6 12. Nxb6 Qxb6 13. O-O Be7 14. Nc3 Nd7 15.
Nd5 Bxd5 16. Qxd5 g6 17. Be3 Qc6 18. c4 Nf8 19. f4 exf4 20. Bxf4 Qxd5 21. cxd5
Nh7 22. e5 Bxg5 23. Rae1 O-O-O 24. exd6 Bxf4 25. Rxf4 Ng5 26. Re7 Rxd6 27. Rc4+
Kb8 28. Rcc7 Rb6 29. d6 Rd8 30. Rxb7+ Rxb7 31. Rxb7+ Kc8 32. Rb6 Kd7 33. Rxa6
Ke6 34. b4 Rb8 35. a3 Rd8 36. b5 Rxd6 37. b6 Rd1+ 38. Kf2 Rb1 39. b7+ Ke5 40.
Ra5+ Kf6 41. Ra8 Nxh3+ 42. Ke3 Rb3+ 43. Kd4 1-0